kku e-library facility

Modern Physics (Record no. 195)

MARC details
000 -LEADER
fixed length control field 00422nam a2200145 4500
005 - DATE AND TIME OF LATEST TRANSACTION
control field 20260325114258.0
008 - FIXED-LENGTH DATA ELEMENTS--GENERAL INFORMATION
fixed length control field 260325b |||||||| |||| 00| 0 eng d
020 ## - INTERNATIONAL STANDARD BOOK NUMBER
International Standard Book Number 978-93-525-3310-7
100 ## - MAIN ENTRY--PERSONAL NAME
Personal name Murugeshan R & Sivaprasath Kiruthiga
245 ## - TITLE STATEMENT
Title Modern Physics
Statement of responsibility, etc. / R Murugeshan
250 ## - EDITION STATEMENT
Edition statement 18th ed
260 ## - PUBLICATION, DISTRIBUTION, ETC.
Place of publication, distribution, etc. New Delhi;
Name of publisher, distributor, etc. S Chand and Company Limited;
Date of publication, distribution, etc. 2016
300 ## - PHYSICAL DESCRIPTION
Extent XVI,1067p.ill;
Dimensions 23.7cm
942 ## - ADDED ENTRY ELEMENTS (KOHA)
Source of classification or shelving scheme Library of Congress Classification
Suppress in OPAC No
Koha item type Books

No items available.

©2025 All rights reserved. KKU